| 000 | 00434nam a2200169Ia 4500 | ||
|---|---|---|---|
| 003 | IN-BaIIA | ||
| 008 | 211028s9999 xx 000 0 eng d | ||
| 040 | _cIIA Library | ||
| 080 |
_a523.9 _bGAM |
||
| 100 |
_aGamow, George _91452 |
||
| 245 | 4 |
_aThe birth and death of the sun _cGeorge Gamow |
|
| 260 |
_aNew York _bViking Press _c1940 |
||
| 300 | _axiv, 238p. | ||
| 650 |
_aSolar physics _91453 |
||
| 650 |
_aSun _91200 |
||
| 942 | _cBK | ||
| 999 |
_c667 _d667 |
||